Ancient and Medieval India : (Record no. 179939)

MARC details
000 -LEADER
fixed length control field 00670nam a22001937a 4500
005 - DATE AND TIME OF LATEST TRANSACTION
control field 20210719114305.0
010 ## - LCCN (DPL NO)
LC control number ENG-129581
020 ## - INTERNATIONAL STANDARD BOOK NUMBER
International Standard Book Number 978-93-90113-64-4
Terms of availability 610.00
035 ## - SYSTEM CONTROL NUMBER
System control number EN-113113
037 ## - SOURCE OF ACQUISITION
Source of stock number/acquisition DBAD/PUB
082 ## - DEWEY DECIMAL CLASSIFICATION NUMBER
Classification number 000
100 ## - MAIN ENTRY--PERSONAL NAME
Personal name Dahiya, Poonam Dalal
245 ## - TITLE STATEMENT
Title Ancient and Medieval India :
Remainder of title For UPSC and State Civil Services Examinations/
Statement of responsibility, etc By Poonam Dalal Dahiya
250 ## - EDITION STATEMENT
Edition statement 2nd
260 ## - PUBLICATION, DISTRIBUTION, ETC. (IMPRINT)
Place of publication, distribution, etc Alapakkam
Name of publisher, distributor, etc Mc Graw Hill
Date of publication, distribution, etc 2020
270 ## - ADDRESS
Address 444/1,Sri Ekambara Naicker Industrial Estate,Alapakkam,Porur
City Chennai
Postal code 600116
Electronic mail address info.india@mheducation.com
Telephone number 18001035875
300 ## - PHYSICAL DESCRIPTION
Extent 525p;
Dimensions 24cm(pbx)
942 ## - ADDED ENTRY ELEMENTS (KOHA)
Source of classification or shelving scheme Dewey Decimal Classification
Item type English Books
Classification part 000
Call number suffix DAH
Holdings
Withdrawn status Lost status Not for loan Collection code Home library Current library Date acquired Source of acquisition Cost, normal purchase price Full call number Barcode Copy number Cost, replacement price Koha item type
      Non-fiction Shahdara Branch Shahdara Branch 19/07/2021 DBAD/PUB 610.00 000 DAH EN-113113 1 610.00 English Books

© Delhi Public Library
Hit Counter
free hit counter